|
|
|
|
| LEADER |
00768nab a2200229 i 4500 |
| 001 |
publ36674 |
| 005 |
20250509120957.0 |
| 008 |
250509s2022 hu o 000 hun d |
| 022 |
|
|
|a 1219-8641
|
| 024 |
7 |
|
|a 36123519
|2 mtmt
|
| 040 |
|
|
|a SZTE Publicatio Repozitórium
|b hun
|
| 041 |
|
|
|a hun
|
| 100 |
1 |
|
|a Zádori Dénes
|
| 245 |
1 |
2 |
|a A Parkinson-kór differenciáldiagnosztikája, diagnosztikus lépések
|h [elektronikus dokumentum] /
|c Zádori Dénes
|
| 260 |
|
|
|c 2022
|
| 300 |
|
|
|a 228-233
|
| 490 |
0 |
|
|a HÁZIORVOS TOVÁBBKÉPZŐ SZEMLE
|v 27 No. 4
|
| 650 |
|
4 |
|a Klinikai orvostan
|
| 700 |
0 |
1 |
|a Szpisjak László
|e aut
|
| 700 |
0 |
1 |
|a Salamon András
|e aut
|
| 700 |
0 |
1 |
|a Klivényi Péter
|e aut
|
| 856 |
4 |
0 |
|u http://publicatio.bibl.u-szeged.hu/36674/6/36123519.pdf
|z Dokumentum-elérés
|